000 00307pab a2200121 454500
008 180718b xxu||||| |||| 00| 0 eng d
100 _aSimha, S.L.N.
245 _aTowards a more efficient democracy
650 _a Democracy
650 _aPolitics and Government
773 _aFinancial Express
909 _a23502
999 _c23502
_d23502